|
|
|
|
| LEADER |
00850pam a22002778a 4500 |
| 001 |
00027807 |
| 005 |
20171026081022.0 |
| 008 |
111220s2001 ||||||Engsd |
| 020 |
# |
# |
|a 9780194574273
|
| 041 |
0 |
# |
|a Eng
|
| 082 |
1 |
4 |
|a 428
|b IN311E
|
| 100 |
1 |
# |
|a Wallwork. Adrian
|
| 245 |
1 |
0 |
|c Adrain Wallwork, Nicholas Sheard
|a International express
|b Upper-intermediate. Teacher's Resource Book with photocopiable materials
|
| 260 |
# |
# |
|a Oxford
|c 2001
|b Oxford Univ. Press
|
| 300 |
# |
# |
|a 167p.
|b ill.
|c 30cm.
|
| 650 |
# |
4 |
|a Tiếng Anh
|x Ngữ pháp
|
| 653 |
# |
# |
|a Anh ngữ thực hành
|
| 700 |
1 |
# |
|a Sheard, Nicholas
|
| 852 |
# |
# |
|b Kho đọc
|j KD.0012314
|
| 852 |
# |
# |
|j KD.0012859
|
| 910 |
0 |
# |
|d 20/12/2011
|
| 980 |
# |
# |
|a Trung tâm Học liệu Lê Vũ Hùng, Trường Đại học Đồng Tháp
|